Ιστορία των σφαγών της Συρίας : (κατά το 1860)
Αποθηκεύτηκε σε:
| Κύριος συγγραφέας: | |
|---|---|
| Μορφή: | Βιβλίο |
| Γλώσσα: | Greek French |
| Δημοσίευση: |
Εν Αθήναις :
Τυπογραφείον "Φωτός" Σοφοκλέους Κ.Καρύδη,
1864.
|
| Θέματα: | |
| Ετικέτες: |
Προσθήκη ετικέτας
Δεν υπάρχουν, Καταχωρήστε ετικέτα πρώτοι!
|
MARC
| LEADER | 00000cam a2200000 i 4500 | ||
|---|---|---|---|
| 001 | 1/9758 | ||
| 008 | 100726s1864 gr | ||| |||| ||gre|| | ||
| 035 | |l 10108764 | ||
| 040 | |a GR-MY-UA |b gre |e aacr | ||
| 041 | 1 | |a gre |h fre | |
| 082 | 7 | |a 956.92034 |2 (22) | |
| 100 | 1 | |a Lenormant, Francois |d 1837-1883. | |
| 245 | 1 | 0 | |a Ιστορία των σφαγών της Συρίας : |b (κατά το 1860) / |c υπό Φραγκίσκου Λένορμαν ; νυν δε μεταφρασθεισα εις την καθ'ημάς γλώσσαν υπό Α.Α.Θ. |
| 260 | |a Εν Αθήναις : |b Τυπογραφείον "Φωτός" Σοφοκλέους Κ.Καρύδη, |c 1864. | ||
| 300 | |a 114 σ. ; |c 21 εκ. | ||
| 500 | |a Και τύποις εκδοθείσα το 1861 εν Παρισίοις. | ||
| 500 | |a Διαθέσιμο στο διαδικτύο. | ||
| 650 | 0 | 0 | |a Maronites |z Lebanon |x History |y 19th century. |
| 650 | 0 | 0 | |a Druzes |z Lebanon |x History |y 19th century. |
| 651 | 0 | |a Lebanon |x History |y 1516-1918. | |
| 651 | 0 | |a Lebanon |x Ethnic relations. | |
| 852 | |a INST |b LESVOS |e 20100726 |h 956.92034 LEN |p 005100048192 |q 005100048192 |t BK |y 23 | ||
| 901 | |a BIBL1-2010-2 | ||
| 909 | |a Λ |b 166365 | ||
| 970 | |a ΚΑΡΑ |b ΓΙΑΣΕΜΗ |z 2010/07/26 | ||